| 000 | 01629nam a2200241Ia 4500 | ||
|---|---|---|---|
| 003 | Ost | ||
| 005 | 20260507075154.0 | ||
| 008 | 260507s9999||||xx |||||||||||||| ||und|| | ||
| 020 | _a4320169957 | ||
| 040 | _cfsecg | ||
| 041 | _aara | ||
| 082 | _a330 | ||
| 100 |
_aالملكاوي، ابتسام سعيد _eمؤلف |
||
| 245 | 0 |
_aجريمة تلويث البيئة : _bدراسة مقارنة / _c ابتسام سعيد الملكاوي |
|
| 260 |
_aعمان: _bدار الثقافة, _c2009 |
||
| 300 |
_a143 صفحة؛ _bإيضاحات ؛ _c24 سم |
||
| 504 | _aمراجع ص.139 | ||
| 520 | _aوضع جريمة تلويث البيئة في التشريعات : جريمة تلويث البيئة في بعض التشريعات الاجنبية و العربية و في القانون الأردني ،ضوابط تطبيق جريمة تلوث البيئة : الضوابط المتعلقة بالركن المادي و الركن المعنوي ،ضوابط العناصر الخاصة ، التكييف القانوني لجريمة تلويث البيئة : تكييف جريمة تلويث البيئة وفقاللتقسيم الثلاثي للجرائم ، التلويث جريمة اقتصادية ، التلويث و الذوق العام، التصدي لجريمة تلويث البيئة : موقف المشرع في التصدي لجريمة تلويث البيئة ، الموقف في الاتفاقيات الدولية ، توعية الرأي العام | ||
| 653 | _aالتلوث البيئي | ||
| 653 | _aجرائم- البيئة | ||
| 653 | _aقانون البيئة | ||
| 942 | _cكتاب | ||
| 999 |
_c43363 _d43363 |
||